000 00720nam a22002057a 4500
999 _c63383
_d63383
005 20240530110638.0
008 170926s2014 ts g b 000 0 ara d
020 _a9789948148562
040 _aEG-CaGPL
_cEG-CaGPL
082 0 4 _221
_a363.3 /
_bك أ
100 0 _aكريم مصلوح
245 1 2 _aالامن فى منطقة الساحل و الصحراء فى افريقيا /
_cكريم مصلوح
250 _aط. 1
260 _aابوظبى :
_bمركز الامارات للدراسات و البحوث الاستراتيجية ،
_c2014.
300 _a369 ص. ؛
_c24 سم.
650 0 7 _2qrmak
_aالامن القومى
650 0 7 _2qrmak
_aحق الامن
942 _2ddc
_cBK